000
00211 a2200097 4500
001
52561
100
_a
Silva Colin D
245
_a
The Winds of Sinhala
260
_a
London
_b
Granada
_c
090
_c
33048
_d
33048
942
_a
NUST-CAE
_c
M
_c
25612
999
_c
287634
_d
287634